Statistics for 20 most populous cities in Canada

Click here to take the quiz!

General Stats

  • This quiz has been taken 16 times
  • The average score is 13 of 20

Answer Stats

Population (2016)ProvinceCity% Correct
1,237,656AlbertaCalgary
100%
3,519,595QuebecMontreal
100%
5,429,524OntarioToronto
100%
1,062,643AlbertaEdmonton
94%
705,103QuebecQuebec City
94%
2,264,823British ColumbiaVancouver
88%
989,657Ontario/QuebecOttawa
81%
711,925ManitobaWinnipeg
81%
316,701Nova ScotiaHalifax
75%
214,631SaskatchewanRegina
69%
245,181SaskatchewanSaskatoon
69%
383,437OntarioLondon
63%
693,645OntarioHamilton
50%
178,427Newfoundland and LabradorSt. John's
50%
335,696British ColumbiaVictoria
50%
287,069OntarioWindsor
50%
151,957British ColumbiaKelowna
38%
308,875OntarioOshawa
25%
470,015OntarioKitchener
19%
229,246OntarioSt. Catharines
13%

Score Distribution

Percentile by Number Answered

Percent of People with Each Score

Your Score History

You have not taken this quiz